Biblioteca

Expect the unexpected : (Registro nro. 67485)

Detalles MARC
000 -LÍDER
Campo fijo de descripción fija 02547cam a2200397 i 4500
001 - NÚMERO DE CONTROL
Campo de control 768714001
003 - IDENTIFICADOR DEL NÚMERO DE CONTROL
Campo de control CO-MdFUSB
005 - FECHA Y HORA DE LA ULTIMA TRANSACCIÓN
control field 20220420155117.0
007 - CAMPO FIJO DE DESCRIPCIÓN FIJA--INFORMACIÓN GENERAL
Campo fijo de descripción fija ta
008 - ELEMENTOS DE LONGITUD FIJA -- INFORMACIÓN GENERAL
Campo fijo de descripción fija -- Información general 090202t2010 nyu b 001 0 eng
020 ## - NÚMERO INTERNACIONAL NORMALIZADO PARA LIBROS
Número Internacional Normalizado del libro 0567568385
040 ## - FUENTE DE CATALOGACIÓN
Agencia de catalogación original DLC
Agencia que realiza la transcripción CO-MdFUSB
Agencia que realiza la modificación YDX
-- BWX
-- YDXCP
-- CDX
-- DLC
Idioma de catalogación spa
Convenciones de la descripción rda
041 0# - CÓDIGO DE IDIOMA
Código de idioma para texto/pista de sonido o título separado eng
-- heb
082 00 - NÚMERO DE CLASIFICACIÓN DECIMAL DEWEY
Número de clasificación 221.66
Número de la edición del Dewey 23
Clave de autor-Numero de item C845
100 1# - ASIENTO PRINCIPAL--NOMBRE PERSONAL
Nombre personal Cotrozzi, Stefano,
Fechas asociadas con el nombre 1956-
Término relacionador autor
245 10 - TÍTULO
Título del Material Expect the unexpected :
Parte restante del título - Subtitulo aspects of pragmatic foregrounding in Old Testament narratives
Mención de responsabilidad, etc. / Stefano Cotrozzi
264 #1 - PRODUCCIÓN, PUBLICACIÓN, DISTRIBUCIÓN, MANUFACTURA, Y COPYRIGHT
Lugar de producción, publicación, distribución, manufactura New York :
Nombre del productor, publicador, distribuidor T y T CLARK,
Fecha de producción, publicación, distribución, manufactura, o copyright [2010]
264 #4 - PRODUCCIÓN, PUBLICACIÓN, DISTRIBUCIÓN, MANUFACTURA, Y COPYRIGHT
Fecha de producción, publicación, distribución, manufactura, o copyright © 2010
300 ## - DESCRIPCIÓN FÍSICA
Extensión 290 páginas ;
Dimensiones 25 cm.
336 ## - TIPO DE CONTENIDO
Fuente rdacontent
Término de tipo de contenido texto
Código de tipo de contenido txt
337 ## - TIPO DE MEDIO
Fuente rdamedia
Nombre del tipo de medio sin mediación
Código del tipo de medio n
338 ## - TIPO DE SOPORTE
Fuente rdacarrier
Nombre del tipo de soporte volumen
Código Tipo de soporte nc
490 1# - MENCIÓN DE SERIE
Mención de serie Library of Hebrew Bible/Old Testament studies ;
490 1# - MENCIÓN DE SERIE
Mención de serie T & T Clark library of biblical studies
504 ## - NOTA DE BIBLIOGRAFÍA, ETC.
Nota de bibliografía, etc Incluye referencias bibliográficas (p. [249]-275) e índices.
505 ## - NOTA DE CONTENIDO
Nota de contenido con formato preestablecido El concepto de puesta en primer plano -- Una breve historia de la puesta en primer plano pragmática -- Teoría de esquemas --<br/>Esquemas y puesta en primer plano en las narrativas del Antiguo Testamento -- Evaluación en la narrativa -- Evaluación en las narrativas del Antiguo Testamento -- El presente histórico: un estudio translingüístico -- Yiqṭōl como presente histórico en hebreo bíblico -- Qōṭēl como presente histórico en hebreo bíblico -- We̳hinnēh + NP + X como percepción representada en hebreo bíblico.
520 ## - NOTA DE RESUMEN, ETC.
Nota de sumario, etc. Esta monografía sobre lingüística bíblica es una investigación pragmática altamente especializada de la controvertida cuestión del ""primer plano"" —la desviación de alguna norma o convención— en las narraciones del Antiguo Testamento. El autor presenta y examina las dos fuentes principales del primer plano pragmático: eventos o estados que se desvían de esquemas bien establecidos, estructuras de expectativas del lector que pueden ser manipuladas por el narrador para resaltar "fragmentos" específicos del discurso; y dispositivos de evaluación, que son utilizados por el narrador para indicar al lector el punto de la historia y dirigir su interpretación.
563 ## - NOTA DE ENCUADERNACIÓN
Nota de encuadernación Pasta dura
630 #7 - TITULO UNIFORME
Título uniforme Biblia.
Nombre de parte o sección de la obra Antiguo Testamento
Subdivisión de materia general Crítica, interpretación, etc.
830 #0 - PUNTO DE ACCESO ADICIONAL DE SERIE - TÍTULO UNIFORME
Título uniforme Library of Hebrew Bible/Old Testament studies ;
Designación de volumen o secuencia 510.
830 #0 - PUNTO DE ACCESO ADICIONAL DE SERIE - TÍTULO UNIFORME
Título uniforme T & T Clark library of biblical studies.
942 ## - TIPO DE MATERIAL (KOHA)
Tipo de Item KOHA Libros General
945 ## - INFORMACIÓN LOCAL DEL REGISTRO
Catalogador JTF-925
Existencias
Estado de Material Estado de Perdido Forma de Clasificación Estado de Dañado No para Préstamo Colección Biblioteca de Origen Biblioteca Permanente Fecha de Adquisición Área Total de Préstamos Signatura Topográfica Código de Barras Última vez visto Ejemplar/Existencia Fecha de Remplazo Tipo de Material
    Dewey Decimal Classification     Colección General Biblioteca FUSBC Biblioteca FUSBC 15/03/2022 BIBLIA   G 221.66 C845e 21631 15/03/2022 Ej.1 15/03/2022 Libros General

Biblioteca FUSBC | Teléfono: (57+4) 349 88 10 Ext. 141| WhatsApp (+57) 3005338115 
E-mail: biblioteca@unisbc.edu.co | Calle 76 87-14 Robledo Palenque, Medellín, Colombia

Con tecnología Koha